Months of the year in tamil - Statistics

General Stats
  • This quiz has been taken 7 times
  • The average score is 6 of 12
Answer Stats
Month Answer % Correct
July சித்திரை
83%
February கார்த்திகை
67%
May மாசி
67%
August வைகாசி
67%
March மார்கழி
50%
April தை
50%
September ஆனி
50%
October ஆடி
50%
November ஆவனி
50%
January ஐப்பசி
33%
June பாங்குனி
0%
December பொரட்டாசி
0%
No matching quizzes found
Score Distribution
Percent of People with Each Score
Percentile by Number Answered
Your Score History
You have not taken this quiz